Clash Royale Arenas - Statistics

General Stats
  • This quiz has been taken 1,395 times
    1,370 since last reset
  • The average score is 6 of 10
Answer Stats
Hint Answer % Correct
Arena 0 Training Camp
89%
Arena 4 P.E.K.K.A's Playhouse
74%
Arena 2 Bone Pit
72%
Arena 3 Barbarian Bowl
71%
Arena 5 Spell Valley
70%
Arena 7 Royal Arena
65%
Arena 1 Goblin Stadium
60%
Arena 6 Builder's Workshop
59%
Arena 8 Frozen Peak
53%
Arena 9 Legendary Arena
34%
No matching quizzes found
Score Distribution
Percent of People with Each Score
Percentile by Number Answered
Your Score History
You have not taken this quiz since the last reset